000 00752nam a2200253Ia 4500
003 OSt
005 20221005111736.0
006 a|||||r|||| 00| 0
007 ta
008 221004b |||||||| |||| 00| 0 hin d
024 _a107361
037 _cTextual
040 _aCRL
_cCRL
_bhin
041 _2hin
_ahin
082 _aO142,3M28,23, 152J6
100 _aटाल्सटाय
245 0 _aकज्जाक
246 _aKajjāka
260 _aमथुरा
_bप्रभात प्रकाशन भारत
_c1956
300 _a252पृ0
_ccm.
650 _aरशियन साहित्य
942 _hO142,3M28,23, 152J6
_cTEXL
_2cc
999 _c1022756
_d1022756